Statistiques concernant Tous les présidents d'Algérie.

Cliquez ici pour prendre le quiz!

Statistiques générales

  • Ce quiz a été pris 101 fois
  • Le résultat moyen est 6 sur 8

Statistiques - réponses

HintRéponse% Correct
1999-2019Abdelaziz Bouteflika
95%
depuis 2019Abdelmadjid Tebboune
95%
1965-1978Houari Boumédiène
92%
1963-1965Ahmed Ben Bella
80%
1992Mohamed Boudiaf
70%
1994-1999Liamine Zéroual
45%
1979-1992Chadli Bendjedid
43%
1992-1994Ali Kafi
30%

Distribution des résultats

Percentile par nombre de réponses

% des personnes avec chaque résultat

Votre développement - résultats

Vous n’avez pas pris ce quiz